000 00930nam a22002537a 4500
001 0000003792
003 PPM
005 20260420154104.0
008 260420b ||||| |||| 00| 0 eng d
020 _a9678913232
_cRM 37.50
_qPaperback
035 _a0000003792
040 _bMalay
_cPusat Penyelidikan Mineral, Jabatan Mineral Dan Geosains Malaysia
_dPPM
_eRDA
082 0 0 _221
_a346.5950
_bSAK 2003
100 1 _aSakina Shaik Ahmad Yusoff
_eauthor
245 1 0 _aMengenali Undang-Undang Kontrak Malaysia /
_coleh Sakina Shaik Ahmad Yusoff, Azimon Abdul Aziz
260 1 _aPetaling Jaya :
_bInternational Law Book services,
_c2003
300 0 0 _axxvi, 220 pages .:
_billustrations .;
_c23 cm
500 _aMengandungi soalan dan latihan
504 _aMengandungi rujukan bibliografi
650 1 0 _aCommercial law
_zMalaysia
650 2 0 _aContracts
_zMalaysia
700 1 _aAzimon Abdul Aziz
_ejoint author
942 _2ddc
_cBK
999 _c27205
_d27205